00561nam a22001457a 4500041000800000082001700008100002300025245011900048260002300167300000800190650008500198942000700283952010800290999001700398 aENG a181.482bFOR aFort, Andrew Osmun aTuriya and the Catuspad Doctrine in Advaita Vedanta: An Inquiry into an Indian " States of Consciousness" Doctrine aPennsylvaniac1982 a193 aPenn dissertations -- Religious studiesaReligious studies -- Penn dissertations cBK 00104070aHMIbHMIcGENd2019-10-10l1m1o181.482 FORp25623r2019-12-10s2019-12-02w2026-01-16yBK c22746d22746